<?xml version="1.0" encoding="UTF-8"?>
<record
    xmlns:xsi="http://www.w3.org/2001/XMLSchema-instance"
    xsi:schemaLocation="http://www.loc.gov/MARC21/slim http://www.loc.gov/standards/marcxml/schema/MARC21slim.xsd"
    xmlns="http://www.loc.gov/MARC21/slim">

  <leader>01540cam a2200373 a 4500</leader>
  <controlfield tag="001">2513522</controlfield>
  <controlfield tag="003">ZCFGHKOI</controlfield>
  <controlfield tag="005">20220326193251.0</controlfield>
  <controlfield tag="008">920706s1991    sp       b    000 0 spa  </controlfield>
  <datafield tag="010" ind1=" " ind2=" ">
    <subfield code="a">   92182101 </subfield>
  </datafield>
  <datafield tag="020" ind1=" " ind2=" ">
    <subfield code="a">8478904239</subfield>
  </datafield>
  <datafield tag="040" ind1=" " ind2=" ">
    <subfield code="a">DLC</subfield>
    <subfield code="c">DLC</subfield>
    <subfield code="d">DLC</subfield>
  </datafield>
  <datafield tag="041" ind1="0" ind2=" ">
    <subfield code="a">spaeng</subfield>
  </datafield>
  <datafield tag="043" ind1=" " ind2=" ">
    <subfield code="a">e------</subfield>
  </datafield>
  <datafield tag="050" ind1="0" ind2="0">
    <subfield code="a">N6758</subfield>
    <subfield code="b">.T54 1991</subfield>
  </datafield>
  <datafield tag="082" ind1=" " ind2=" ">
    <subfield code="a">708</subfield>
    <subfield code="b">IN59t</subfield>
  </datafield>
  <datafield tag="100" ind1=" " ind2=" ">
    <subfield code="a">G. Cortes, Jose Miguel</subfield>
    <subfield code="9">601</subfield>
  </datafield>
  <datafield tag="245" ind1="0" ind2="3">
    <subfield code="a">El Tiempo sagrado :</subfield>
    <subfield code="b">la mitificaci&#xF3;n del arte contempor&#xE1;neo /</subfield>
    <subfield code="c">concebido por Jos&#xE9; Miguel G. Cort&#xE9;s ; con la colaboraci&#xF3;n de Juan Vicente Aliaga = Sacred time : the myth of contemporary art / edited by Jos&#xE9; Miguel G. Cort&#xE9;s ; with the collaboration of Juan Vicente Aliaga.</subfield>
  </datafield>
  <datafield tag="250" ind1=" " ind2=" ">
    <subfield code="a">1. ed.</subfield>
  </datafield>
  <datafield tag="260" ind1=" " ind2=" ">
    <subfield code="a">[Valencia] :</subfield>
    <subfield code="b">Instituto Valenciano de la Juventud,</subfield>
    <subfield code="c">1991.</subfield>
  </datafield>
  <datafield tag="300" ind1=" " ind2=" ">
    <subfield code="a">188 p. ;</subfield>
    <subfield code="c">21 cm.</subfield>
  </datafield>
  <datafield tag="500" ind1=" " ind2=" ">
    <subfield code="a">Spanish and English.</subfield>
  </datafield>
  <datafield tag="500" ind1=" " ind2=" ">
    <subfield code="a">Discussions held at the Instituto Valenciano de Arte Moderno, May 10-11, 1991.</subfield>
  </datafield>
  <datafield tag="504" ind1=" " ind2=" ">
    <subfield code="a">Includes bibliographical references.</subfield>
  </datafield>
  <datafield tag="650" ind1=" " ind2="0">
    <subfield code="a">Avant-garde (Aesthetics)</subfield>
    <subfield code="z">Europe</subfield>
    <subfield code="x">History</subfield>
    <subfield code="y">20th century.</subfield>
    <subfield code="9">657</subfield>
  </datafield>
  <datafield tag="650" ind1=" " ind2="0">
    <subfield code="z">Valencia-Espa&#xF1;a</subfield>
    <subfield code="x">arte contemporaneo</subfield>
    <subfield code="x">exhibiciones</subfield>
    <subfield code="9">658</subfield>
  </datafield>
  <datafield tag="650" ind1=" " ind2="0">
    <subfield code="a">Art, European</subfield>
    <subfield code="y">20th century.</subfield>
    <subfield code="9">659</subfield>
  </datafield>
  <datafield tag="700" ind1="1" ind2=" ">
    <subfield code="a">Cort&#xE9;s, Jos&#xE9; Miguel G.</subfield>
    <subfield code="9">606</subfield>
  </datafield>
  <datafield tag="700" ind1="1" ind2=" ">
    <subfield code="a">Aliaga, Juan Vicente.</subfield>
    <subfield code="9">660</subfield>
  </datafield>
  <datafield tag="710" ind1="2" ind2=" ">
    <subfield code="a">Institut Valenci&#xE0; d'Art Modern.</subfield>
    <subfield code="9">661</subfield>
  </datafield>
  <datafield tag="740" ind1="0" ind2=" ">
    <subfield code="a">Sacred time.</subfield>
  </datafield>
  <datafield tag="906" ind1=" " ind2=" ">
    <subfield code="a">7</subfield>
    <subfield code="b">cbc</subfield>
    <subfield code="c">orignew</subfield>
    <subfield code="d">3</subfield>
    <subfield code="e">ncip</subfield>
    <subfield code="f">19</subfield>
    <subfield code="g">y-gencatlg</subfield>
  </datafield>
  <datafield tag="999" ind1=" " ind2=" ">
    <subfield code="c">134</subfield>
    <subfield code="d">134</subfield>
  </datafield>
  <datafield tag="952" ind1=" " ind2=" ">
    <subfield code="0">0</subfield>
    <subfield code="1">0</subfield>
    <subfield code="2">ddc</subfield>
    <subfield code="4">0</subfield>
    <subfield code="7">0</subfield>
    <subfield code="a">LV</subfield>
    <subfield code="b">LV</subfield>
    <subfield code="d">2014-05-19</subfield>
    <subfield code="l">0</subfield>
    <subfield code="o">708 IN59t</subfield>
    <subfield code="p">000113</subfield>
    <subfield code="r">2014-05-19 00:00:00</subfield>
    <subfield code="w">2014-05-19</subfield>
    <subfield code="y">01</subfield>
  </datafield>
</record>
